000 00760nam a2200241 i 4500
001 C2-0329991
003 PPAK
005 20180728130929.0
008 150215s2013 my a|||| ||||| | may d
040 _aPPAK
_beng
_cPPAK
_erda
082 0 4 _a909.076
_223
090 0 0 _a909.076
_bSIV
_dR
100 0 _aSivacandralingam Sundara Raja,
_eauthor
245 1 0 _aAce Ahead Teks STPM Sejarah Dunia (1500-1955)
_bpenggal 1 edisi kemaskini
264 1 _aSelangor, Malaysia :
_bOxford Fajar Sdn. Bhd. ,
_c2013
300 _avii, 471 pages :
_billustrations ;
_c26 cm
336 _2rdacontent
_atext
337 _2rdamedia
_aunmediated
338 _2rdacarrier
_avolume
650 1 0 _aWorld history - Problems, exercises, etc.
700 _eauthor
942 _ddc
_cB
999 _c129144
_d129144